书目信息 |
| 题名: |
跟任何人聊得来
|
|
| 作者: | 刘文华 编著 | |
| 分册: | ||
| 出版信息: | 北京 团结出版社 2019 |
|
| 页数: | 184页 | |
| 开本: | 21cm | |
| 丛书名: | 说话之道 | |
| 单 册: | ||
| 中图分类: | C912.11 , C912.13 | |
| 科图分类: | ||
| 主题词: | 心理交往--语言艺术--通俗读物 | |
| 电子资源: | ||
| ISBN: | 978-7-5126-6983-3 | |
| 000 | 00950oam2 2200265 45 | |
| 001 | 012001008080 | |
| 005 | 20131022100309.0 | |
| 010 | @a978-7-5126-6983-3@dCNY29.80 | |
| 100 | @a20190617d2019 em y0chiy50 ea | |
| 101 | 0 | @achi |
| 102 | @aCN@b110000 | |
| 105 | @ay z 000yy | |
| 106 | @ar | |
| 200 | 1 | @a跟任何人聊得来@9gen ren he ren liao de lai@b专著@f刘文华编著@AGen Ren He Ren Liao Lai@PGRHRLL@FLiu Wen Hua Bian Zhu |
| 210 | @a北京@c团结出版社@d2019 | |
| 215 | @a184页@d21cm | |
| 225 | 2 | @a说话之道 |
| 330 | @a本书分为十章,主要内容有:成功的一半是聊出来的;会说话,大家都当你的听众;赞美的话要说到心窝里;会拒绝,别让不好意思坑了你;麻烦别人,说出来的话要中听;良好的人际关系,离不开一张会说话的嘴等。 | |
| 461 | 0 | @12001 @a说话之道 |
| 606 | 0 | @a心理交往@x语言艺术@j通俗读物 |
| 690 | @aC912.11@v5 | |
| 690 | @aC912.13@v5 | |
| 701 | 0 | @a刘文华@9liu wen hua@4编著 |
| 801 | 2 | @aCN@b上海新华@c20191020 |
| 905 | @b1177882-5@dC912.11@e1598@f4 | |
| 跟任何人聊得来/刘文华编著.-北京:团结出版社,2019 |
| 184页;21cm.-(说话之道) |
| ISBN 978-7-5126-6983-3:CNY29.80 |
| 本书分为十章,主要内容有:成功的一半是聊出来的;会说话,大家都当你的听众;赞美的话要说到心窝里;会拒绝,别让不好意思坑了你;麻烦别人,说出来的话要中听;良好的人际关系,离不开一张会说话的嘴等。 |
| ● |
| 相关链接 |
|
|
|
|
正题名:跟任何人聊得来
索取号:C912.11/1598
 
预约/预借
| 序号 | 登录号 | 条形码 | 馆藏地/架位号 | 状态 | 备注 |
| 1 | 1177882 | 211778824 | 第一样本阅览室/ [索取号:C912.11/1598] | 在馆 | |
| 2 | 1177883 | 211778833 | 第一借阅区/ [索取号:C912.11/1598] | 在馆 | |
| 3 | 1177884 | 211778842 | 第一借阅区/ [索取号:C912.11/1598] | 在馆 | |
| 4 | 1177885 | 211778851 | 第一借阅区/ [索取号:C912.11/1598] | 在馆 |